[Event "21st Bosna it"]
[Site "Sarajevo YUG"]
[Date "1982.03.25"]
[Round "6"]
[White "Makarichev, Sergei"]
[Black "Dizdarevic, Emir"]
[Result "1/2-1/2"]
[WhiteElo "2505"]
[BlackElo "2415"]
[EventDate "1982.03.19"]
[PlyCount "77"]

1.d4 Nf6 2.c4 e6 3.Nc3 Bb4 4.g3 c5 5.Nf3 b6 6.Bg2 Bb7 7.O-O Bxc3 8.bxc3 d6
9.d5 e5 10.Nh4 Bc8 11.e4 O-O 12.f4 exf4 13.Bxf4 Ne8 14.Nf5 Bxf5 15.exf5 
Nd7 16.g4 f6 17.Qd2 Rb8 18.Rad1 Rf7 19.Rf3 Re7 20.Re3 Rxe3 21.Qxe3 Kf8 22.
g5 fxg5 23.Bxg5 Nef6 24.Bf4 Ne8 25.f6 Ndxf6 26.Bh3 Kg8 27.Re1 Rb7 28.Bg5 
h6 29.Bh4 g5 30.Bg3 Rg7 31.Qe6+ Kf8 32.Rf1 Rf7 33.Qf5 Kg7 34.Bg4 Qe7 35.
Re1 Qf8 36.Qe6 Nxg4 37.Qxg4 Re7 38.Rf1 Rf7 39.Re1 1/2-1/2

[Event "21st Bosna it"]
[Site "Sarajevo YUG"]
[Date "1982.03.22"]
[Round "4"]
[White "Makarichev, Sergei"]
[Black "Marjanovic, Slavoljub"]
[Result "1/2-1/2"]
[WhiteElo "2505"]
[BlackElo "2515"]
[EventDate "1982.03.19"]
[PlyCount "48"]

1.c4 e6 2.Nf3 Nf6 3.b3 d5 4.Bb2 c5 5.e3 Be7 6.g3 Nc6 7.Bg2 O-O 8.O-O b6 9.
Nc3 Ba6 10.d3 Rc8 11.Qe2 Rc7 12.Rfd1 Rd7 13.Nb5 Qb8 14.a4 Bb7 15.d4 a6 16.
Nc3 cxd4 17.Nxd4 Nxd4 18.Rxd4 dxc4 19.Rxd7 Nxd7 20.Qxc4 Bf6 21.Qe2 Rc8 22.
Ne4 Bxb2 23.Qxb2 Nc5 24.Nxc5 Rxc5 1/2-1/2

[Event "21st Bosna it"]
[Site "Sarajevo YUG"]
[Date "1982.04.03"]
[Round "14"]
[White "Marjanovic, Slavoljub"]
[Black "Arapovic, Vitomir"]
[Result "1-0"]
[WhiteElo "2515"]
[BlackElo "2370"]
[EventDate "1982.03.19"]
[PlyCount "59"]

1.e4 e6 2.d4 d5 3.Nd2 Nf6 4.e5 Nfd7 5.c3 c5 6.Bd3 Nc6 7.Ne2 cxd4 8.cxd4 
Nb6 9.a3 a5 10.b3 a4 11.b4 Bd7 12.O-O Rc8 13.f4 Na7 14.f5 exf5 15.Bxf5 
Bxf5 16.Rxf5 g6 17.Rf3 Bg7 18.Nc3 Qd7 19.Nf1 O-O 20.Bg5 Nc6 21.Bf6 Nd8 22.
Qe1 Ne6 23.Qh4 h6 24.Ne2 Kh7 25.Ne3 Bxf6 26.Rxf6 Kg7 27.Raf1 Nc4 28.Nf5+ 
gxf5 29.Qxh6+ Kg8 30.R1xf5 1-0

[Event "21st Bosna it"]
[Site "Sarajevo YUG"]
[Date "1982.03.28"]
[Round "9"]
[White "Marjanovic, Slavoljub"]
[Black "Kurajica, Bojan"]
[Result "1-0"]
[WhiteElo "2515"]
[BlackElo "2510"]
[EventDate "1982.03.19"]
[PlyCount "81"]

1.e4 c5 2.Nf3 Nc6 3.d4 cxd4 4.Nxd4 Qc7 5.Nc3 e6 6.Be2 Nf6 7.O-O a6 8.Kh1 
Be7 9.f4 d6 10.Be3 Nxd4 11.Qxd4 e5 12.Qd3 O-O 13.a4 b6 14.fxe5 dxe5 15.Bg5
Be6 16.Qg3 Kh8 17.Bxf6 Bxf6 18.Bd3 Qe7 19.Qf2 Bg5 20.Qxb6 Rfb8 21.Qa5 Rxb2
22.Nd5 Qb7 23.Qc3 Bxd5 24.exd5 Rb4 25.Qxe5 f6 26.Qe6 Rd8 27.c4 Rb3 28.Rf3 
g6 29.a5 f5 30.d6 Qg7 31.Rd1 Rc3 32.Be2 Rc2 33.d7 Qb2 34.Bf1 Kg7 35.Qd5 
Qb4 36.Qd4+ Bf6 37.Qb6 Qa4 38.Rd6 Rb2 39.Qe3 Rb1 40.Qd3 Rb7 41.Rxf6 1-0

[Event "21st Bosna it"]
[Site "Sarajevo YUG"]
[Date "1982.03.21"]
[Round "3"]
[White "Marjanovic, Slavoljub"]
[Black "Sax, Gyula"]
[Result "0-1"]
[WhiteElo "2515"]
[BlackElo "2550"]
[EventDate "1982.03.19"]
[PlyCount "124"]

1.e4 c5 2.Nf3 d6 3.d4 cxd4 4.Nxd4 Nf6 5.Nc3 g6 6.Be3 Bg7 7.f3 O-O 8.Qd2 
Nc6 9.Bc4 Nd7 10.Bb3 Nb6 11.O-O-O Na5 12.Qd3 Bd7 13.h4 Rc8 14.h5 Nbc4 15.
hxg6 hxg6 16.Bg5 Nxb3+ 17.cxb3 Qa5 18.Bxe7 Ne5 19.Qd2 Rfe8 20.Bxd6 Qxa2 
21.Nc2 Qxb3 22.Bxe5 Bxe5 23.Qxd7 Bxc3 24.bxc3 Qxc3 25.Qd3 Qa1+ 26.Kd2 Qb2 
27.Rb1 Rxc2+ 28.Ke3 Qc3 29.Qxc3 Rxc3+ 30.Kf4 Re7 31.Rb2 b6 32.Rd1 Kg7 33.
Rd8 Rb7 34.Rb5 Kf6 35.Re5 Rc6 36.Ree8 Re7 37.Rg8 Ke6 38.g4 b5 39.Rb8 a6 
40.g5 Kd6 41.Rgd8+ Kc5 42.Ke3 Kb4 43.Rd1 Rc3+ 44.Kf4 Rec7 45.Ra8 Ra3 46.
Rd6 a5 47.Rf6 Rd3 48.e5 a4 49.e6 fxe6 50.Rxe6 Rf7+ 51.Ke4 Rdxf3 52.Rxg6 
Rg3 53.Rgg8 a3 54.Ra6 Kb3 55.g6 Rf1 56.Ra7 b4 57.g7 Rfg1 58.Kd4 a2 59.Rga8
a1=Q+ 60.Rxa1 Rxa1 61.Rxa1 Rxg7 62.Rb1+ Ka3 0-1

[Event "21st Bosna it"]
[Site "Sarajevo YUG"]
[Date "1982.03.29"]
[Round "10"]
[White "Marjanovic, Slavoljub"]
[Black "Smejkal, Jan"]
[Result "1/2-1/2"]
[WhiteElo "2515"]
[BlackElo "2570"]
[EventDate "1982.03.19"]
[PlyCount "146"]

1.e4 e5 2.Nf3 Nc6 3.Bb5 a6 4.Ba4 Nf6 5.O-O Be7 6.Re1 b5 7.Bb3 d6 8.c3 O-O 
9.d4 Bg4 10.Be3 exd4 11.cxd4 Na5 12.Bc2 c5 13.h3 Bxf3 14.Qxf3 Nc4 15.dxc5 
dxc5 16.Nc3 Qb8 17.Rad1 Bd6 18.Bc1 Re8 19.b3 Ne5 20.Qg3 Nh5 21.Qg5 g6 22.
f4 Nc6 23.Nd5 Nb4 24.Nxb4 cxb4 25.e5 Qb6+ 26.Kh2 Be7 27.Qg4 Rac8 28.Be4 
Bc5 29.Rf1 Bf2 30.Rd3 Rc3 31.Qd7 Rf8 32.Rf3 Bg3+ 33.Kh1 Rxc1 34.Rxc1 Bxf4 
35.Rcf1 Ng3+ 36.Rxg3 Bxg3 37.Bd5 Bf2 38.Qd6 Qxd6 39.exd6 Bb6 40.d7 Kg7 41.
Re1 Rd8 42.Re7 Kf6 43.Rxf7+ Ke5 44.Bb7 h5 45.Bc8 a5 46.g4 hxg4 47.hxg4 
Rh8+ 48.Kg2 Bc7 49.Re7+ Kf6 50.Re6+ Kg5 51.Rc6 Bd8 52.Kg3 Rh1 53.Rc5+ Kf6 
54.Ba6 Re1 55.Bxb5 Re5 56.Rc8 Ke7 57.Ba4 Re2 58.Kf4 Rxa2 59.Ke5 Re2+ 60.
Kd5 Rd2+ 61.Ke5 Re2+ 62.Kf4 Rd2 63.Rc4 Rd5 64.Re4+ Kd6 65.Re8 Kc7 66.Ke4 
Rd1 67.Rg8 Re1+ 68.Kd5 Rd1+ 69.Ke6 g5 70.Re8 Rd4 71.Ke5 Rxg4 72.Re6 Rg3 
73.Rc6+ Kxd7 1/2-1/2

[Event "21st Bosna it"]
[Site "Sarajevo YUG"]
[Date "1982.03.27"]
[Round "8"]
[White "Popovic, Petar"]
[Black "Cekro, Ekrem"]
[Result "1/2-1/2"]
[WhiteElo "2495"]
[BlackElo "2330"]
[EventDate "1982.03.19"]
[PlyCount "39"]

1.e4 d6 2.d4 Nf6 3.Nc3 g6 4.g3 Bg7 5.Bg2 O-O 6.Nge2 c6 7.O-O Nbd7 8.a4 a5 
9.h3 e5 10.Be3 Qc7 11.f4 exd4 12.Nxd4 Re8 13.Bf2 Nc5 14.Re1 Bd7 15.Qd2 
Red8 16.Nb3 Nxb3 17.cxb3 d5 18.e5 Ne4 19.Nxe4 dxe4 20.Qe3 1/2-1/2

[Event "21st Bosna it"]
[Site "Sarajevo YUG"]
[Date "1982.03.22"]
[Round "4"]
[White "Popovic, Petar"]
[Black "Dizdarevic, Emir"]
[Result "1-0"]
[WhiteElo "2495"]
[BlackElo "2415"]
[EventDate "1982.03.19"]
[PlyCount "79"]

1.e4 c5 2.Nf3 d6 3.Nc3 Nf6 4.d4 cxd4 5.Nxd4 e6 6.g3 a6 7.Bg2 Qc7 8.O-O Be7
9.f4 O-O 10.g4 Nc6 11.Nxc6 bxc6 12.g5 Ne8 13.Be3 Rb8 14.b3 d5 15.f5 Bd6 
16.fxe6 fxe6 17.Rxf8+ Bxf8 18.Qf3 Nd6 19.Rf1 Nf7 20.Kh1 Bb7 21.h4 g6 22.
Bb6 Qd7 23.Na4 Bg7 24.Nc5 Qe7 25.Qg3 Re8 26.Nxb7 Qxb7 27.Bc5 Ne5 28.exd5 
exd5 29.Re1 Qf7 30.Rf1 Qb7 31.Qf4 Nf7 32.c4 Qd7 33.cxd5 cxd5 34.Qf3 Re4 
35.Qf2 Re8 36.Bd4 Ne5 37.Qg3 Ng4 38.Bxg7 Kxg7 39.Bh3 Re4 40.Bxg4 1-0

[Event "21st Bosna it"]
[Site "Sarajevo YUG"]
[Date "1982.04.02"]
[Round "13"]
[White "Popovic, Petar"]
[Black "Kelecevic, Nedeljko"]
[Result "0-1"]
[WhiteElo "2495"]
[BlackElo "2390"]
[EventDate "1982.03.19"]
[PlyCount "34"]

1.e4 e6 2.d4 d5 3.Nd2 c5 4.Ngf3 Nc6 5.exd5 Qxd5 6.dxc5 Bxc5 7.Bd3 Nf6 8.
O-O O-O 9.Qe2 Qh5 10.Ne4 Nxe4 11.Bxe4 Bd6 12.Re1 Nd4 13.Qd3 Nxf3+ 14.Bxf3 
Qxh2+ 15.Kf1 Bc5 16.b4 Bxb4 17.Re4 Qh1+ 0-1

[Event "21st Bosna it"]
[Site "Sarajevo YUG"]
[Date "1982.03.31"]
[Round "11"]
[White "Popovic, Petar"]
[Black "Sax, Gyula"]
[Result "1/2-1/2"]
[WhiteElo "2495"]
[BlackElo "2550"]
[EventDate "1982.03.19"]
[PlyCount "80"]

1.e4 c5 2.Nf3 d6 3.d4 cxd4 4.Nxd4 Nf6 5.Nc3 g6 6.g3 Nc6 7.Bg2 Nxd4 8.Qxd4 
Bg7 9.O-O O-O 10.Qb4 Rb8 11.a4 Ng4 12.Nd5 Ne5 13.a5 Bd7 14.Be3 Nc6 15.Qa3 
b6 16.axb6 axb6 17.c3 b5 18.h3 e6 19.Nb4 Ne5 20.b3 Nc6 21.Nxc6 Bxc6 22.Qb4
d5 23.Rfd1 Qc8 24.Bc5 dxe4 25.Bxf8 Bxf8 26.Qa5 Bc5 27.Qa2 e3 28.fxe3 Bxe3+
29.Kh2 Bxg2 30.Qxg2 Qxc3 31.Rab1 Rc8 32.Rd7 Bc1 33.h4 Qe3 34.Rxf7 Kxf7 35.
Qb7+ Kf6 36.Qxc8 Qf2+ 37.Kh1 Qf3+ 38.Kh2 Qf2+ 39.Kh3 Qf1+ 40.Kh2 Qf2+ 
1/2-1/2

[Event "21st Bosna it"]
[Site "Sarajevo YUG"]
[Date "1982.03.27"]
[Round "8"]
[White "Sax, Gyula"]
[Black "Arapovic, Vitomir"]
[Result "1-0"]
[WhiteElo "2550"]
[BlackElo "2370"]
[EventDate "1982.03.19"]
[PlyCount "91"]

1.e4 e6 2.d4 d5 3.e5 c5 4.c3 Qb6 5.Nf3 Bd7 6.Be2 Nc6 7.O-O cxd4 8.cxd4 
Nge7 9.Nc3 Nf5 10.Na4 Qd8 11.a3 b5 12.Bg5 Qb8 13.Nc3 h6 14.Bf4 g5 15.Be3 
a6 16.Bd3 g4 17.Bxf5 gxf3 18.Bg4 fxg2 19.Kxg2 Qd8 20.Qf3 Ne7 21.Ne2 Ng6 
22.Kh1 Nh4 23.Qg3 h5 24.Bh3 Ng6 25.Bg5 Be7 26.f4 Rg8 27.Qf3 Bxg5 28.fxg5 
Qe7 29.Rac1 Nh4 30.Qxh5 Ng6 31.Rf6 Rc8 32.Rcf1 Rg7 33.Qf3 Rh7 34.Bg4 Rc2 
35.Qd3 Rxb2 36.Bh5 Rxh5 37.Rxg6 Rh8 38.Rg7 b4 39.g6 Bb5 40.Qg3 Rxe2 41.
gxf7+ Kd7 42.f8=N+ Kc6 43.Rxe7 Bd3 44.Rxe6+ Kc7 45.Qg7+ Kb8 46.Re8# 1-0

[Event "21st Bosna it"]
[Site "Sarajevo YUG"]
[Date "1982.03.20"]
[Round "2"]
[White "Sax, Gyula"]
[Black "Kovacevic, Vlatko"]
[Result "1/2-1/2"]
[WhiteElo "2550"]
[BlackElo "2495"]
[EventDate "1982.03.19"]
[PlyCount "140"]

1.e4 Nf6 2.e5 Nd5 3.d4 d6 4.Nf3 Bg4 5.Be2 c6 6.O-O Bxf3 7.Bxf3 dxe5 8.dxe5
e6 9.Qe2 Nd7 10.b3 Qc7 11.Bb2 Nf4 12.Qe4 Ng6 13.Re1 O-O-O 14.a4 a5 15.Na3 
Bb4 16.Re3 Nb6 17.c3 Bc5 18.Re2 Rd5 19.c4 Rd7 20.Nc2 Rhd8 21.h4 Rd3 22.h5 
Nf8 23.Ba3 Rd1+ 24.Kh2 f5 25.Qh4 Bxa3 26.Rxd1 Rxd1 27.Nxa3 Nbd7 28.Qe7 Qd8
29.Qxd8+ Kxd8 30.c5 Rd3 31.Nc4 Rxb3 32.Nxa5 Rb4 33.g4 Kc7 34.gxf5 Nxc5 35.
Rc2 Nxa4 36.Nxb7 Kxb7 37.Rxc6 Rf4 38.fxe6 Nxe6 39.Bg2 Rxf2 40.Rxe6+ Kc8 
41.Kg3 Rc2 42.Rd6 Nc5 43.e6 Kc7 44.e7 Re2 45.Rc6+ Kd7 46.Rxc5 Kxe7 47.Bf3 
Re1 48.Kf4 Rf1 49.Rc8 Kf7 50.Rh8 Rf2 51.Kg3 Rb2 52.Kf4 Rf2 53.Kg4 Rd2 54.
Be4 Rd4 55.Kf4 Rd1 56.Bxh7 g5+ 57.hxg6+ Kg7 58.Rg8+ Kh6 59.Rc8 Kg7 60.Bg8 
Rf1+ 61.Ke5 Re1+ 62.Kd6 Kxg6 63.Bd5 Kg5 64.Rf8 Kg4 65.Bf3+ Kg5 66.Kd5 Ra1 
67.Ke5 Ra5+ 68.Bd5 Kg4 69.Rg8+ Kh5 70.Ke6 Kh4 1/2-1/2

[Event "21st Bosna it"]
[Site "Sarajevo YUG"]
[Date "1982.04.05"]
[Round "15"]
[White "Sax, Gyula"]
[Black "Uhlmann, Wolfgang"]
[Result "1-0"]
[WhiteElo "2550"]
[BlackElo "2515"]
[EventDate "1982.03.19"]
[PlyCount "85"]

1.e4 e6 2.d4 d5 3.e5 c5 4.c3 Nc6 5.Nf3 Qb6 6.a3 c4 7.g3 f6 8.exf6 Nxf6 9.
Bg2 Bd6 10.O-O O-O 11.Qe2 Kh8 12.Ne5 Bxe5 13.dxe5 Nd7 14.Be3 Qa5 15.f4 Nc5
16.Nd2 Bd7 17.Rad1 Be8 18.f5 exf5 19.Bxd5 Nd3 20.Nxc4 Qxd5 21.Qxd3 Qxd3 
22.Rxd3 Bh5 23.Re1 Bf7 24.Nd2 Nxe5 25.Rd6 Rfe8 26.Bd4 Nc6 27.Rxe8+ Bxe8 
28.Nf3 Kg8 29.Kf2 b6 30.Ke3 Kf8 31.Kf4 Ke7 32.Rd5 g6 33.h4 h6 34.Bg7 h5 
35.Kg5 Rc8 36.Rd2 Kf7 37.Kh6 Rc7 38.Ng5+ Ke7 39.Bf8+ Kf6 40.Rd6+ Ke5 41.
Re6+ Kd5 42.Rxe8 Ne5 43.Bg7 1-0

[Event "21st Bosna it"]
[Site "Sarajevo YUG"]
[Date "1982.04.03"]
[Round "14"]
[White "Smejkal, Jan"]
[Black "Bistric, Faruk"]
[Result "1-0"]
[WhiteElo "2570"]
[BlackElo "2400"]
[EventDate "1982.03.19"]
[PlyCount "79"]

1.c4 Nf6 2.g3 c6 3.Nf3 d5 4.b3 Bf5 5.Bg2 Nbd7 6.Bb2 e6 7.O-O Bc5 8.d3 O-O 
9.Nbd2 h6 10.Qc2 Bh7 11.cxd5 cxd5 12.a3 Rc8 13.Qb1 Qe7 14.b4 Bb6 15.Nb3 e5
16.Nfd2 Qe6 17.Qd1 Bf5 18.Rc1 Bg4 19.Rxc8 Rxc8 20.d4 exd4 21.Nf3 Bxf3 22.
exf3 d3 23.Qxd3 Ne5 24.Qd1 Nc4 25.Bc1 Re8 26.Nc5 Bxc5 27.bxc5 Qc6 28.Qb3 
Qxc5 29.Qxb7 d4 30.Rd1 d3 31.Bf1 d2 32.Bxd2 Nxd2 33.Rxd2 Qxa3 34.Kg2 Qc5 
35.Ra2 Re7 36.Qb8+ Kh7 37.Ra6 Qc7 38.Bd3+ g6 39.Qxc7 Rxc7 40.Rxf6 1-0

[Event "21st Bosna it"]
[Site "Sarajevo YUG"]
[Date "1982.04.01"]
[Round "12"]
[White "Smejkal, Jan"]
[Black "Dizdarevic, Emir"]
[Result "1-0"]
[WhiteElo "2570"]
[BlackElo "2415"]
[EventDate "1982.03.19"]
[PlyCount "85"]

1.c4 c5 2.g3 Nf6 3.Bg2 e6 4.Nf3 Be7 5.O-O O-O 6.d4 cxd4 7.Nxd4 a6 8.Nc3 
Qc7 9.Qd3 Nc6 10.b3 d6 11.Bb2 Bd7 12.Rac1 Nxd4 13.Qxd4 Rfd8 14.Rfd1 Be8 
15.Qf4 Rac8 16.Ba3 Qb8 17.Bb4 Bc6 18.e4 b6 19.h3 h6 20.Rc2 Ne8 21.Qe3 Bf6 
22.Rcd2 Rd7 23.Kh2 Qa8 24.Ne2 Qb8 25.f4 Be7 26.Nc3 Ra7 27.Rd3 Bf8 28.Ba3 
Qa8 29.Qe2 Be7 30.f5 Bf6 31.fxe6 fxe6 32.Qg4 Re7 33.Ne2 Be5 34.Qh4 Rf7 35.
Nd4 g5 36.Qxh6 Bxe4 37.Qxe6 Kg7 38.Bxe4 Qxe4 39.Qd5 Rf2+ 40.Kg1 Rg2+ 41.
Kh1 Qxd5 42.cxd5 Rxg3 43.Nf5+ 1-0

[Event "21st Bosna it"]
[Site "Sarajevo YUG"]
[Date "1982.03.28"]
[Round "9"]
[White "Smejkal, Jan"]
[Black "Kovacevic, Vlatko"]
[Result "0-1"]
[WhiteElo "2570"]
[BlackElo "2495"]
[EventDate "1982.03.19"]
[PlyCount "76"]

1.c4 f5 2.g3 Nf6 3.Bg2 g6 4.Nf3 Bg7 5.O-O O-O 6.Nc3 c6 7.d4 d6 8.d5 e5 9.
dxe6 Bxe6 10.b3 Na6 11.Bb2 Qe7 12.Ng5 Rad8 13.Nxe6 Qxe6 14.Qc2 Qf7 15.Rad1
d5 16.Ba3 Rfe8 17.cxd5 Nxd5 18.Nxd5 cxd5 19.Qd3 Nc7 20.Rc1 Kh8 21.Rfd1 Rd7
22.Bc5 b6 23.Bd4 Red8 24.Rc6 Ne8 25.Qc3 Bxd4 26.Rxd4 Qg7 27.e3 Nf6 28.h4 
Kg8 29.b4 h5 30.a4 Kh7 31.Bf3 Qe7 32.Qb3 Qe5 33.Kg2 Kh6 34.Rd1 Rd6 35.Rc7 
R6d7 36.Rc6 Rd6 37.Qc2 R8d7 38.Rc8 Re6 0-1

[Event "21st Bosna it"]
[Site "Sarajevo YUG"]
[Date "1982.03.31"]
[Round "11"]
[White "Smejkal, Jan"]
[Black "Kurajica, Bojan"]
[Result "0-1"]
[WhiteElo "2570"]
[BlackElo "2510"]
[EventDate "1982.03.19"]
[PlyCount "66"]

1.c4 e5 2.Nc3 Nc6 3.Nf3 f5 4.d4 e4 5.Ng5 Bb4 6.Nh3 Nf6 7.e3 Bxc3+ 8.bxc3 
d6 9.Nf4 O-O 10.h4 Qe8 11.Ba3 Qf7 12.d5 Ne7 13.c5 Ng6 14.Nxg6 hxg6 15.c4 
f4 16.exf4 e3 17.fxe3 Ng4 18.Bc1 Re8 19.Qe2 Bf5 20.Rh3 Re4 21.Rg3 Qf6 22.
Rb1 Qxh4 23.Qf3 Rae8 24.Rb3 Nh2 25.Qf2 Nxf1 26.Kxf1 Qh1+ 27.Qg1 Rxf4+ 28.
Rf3 Rxf3+ 29.gxf3 Qxf3+ 30.Ke1 Bc2 31.Rc3 Qd1+ 32.Kf2 Rf8+ 33.Kg2 Be4+ 0-1

[Event "21st Bosna it"]
[Site "Sarajevo YUG"]
[Date "1982.03.23"]
[Round "5"]
[White "Smejkal, Jan"]
[Black "Makarichev, Sergei"]
[Result "1/2-1/2"]
[WhiteElo "2570"]
[BlackElo "2505"]
[EventDate "1982.03.19"]
[PlyCount "49"]

1.Nf3 Nf6 2.g3 b6 3.Bg2 Bb7 4.c4 e6 5.O-O Be7 6.d4 O-O 7.Nc3 Ne4 8.Bd2 Bf6
9.Qc2 Nxd2 10.Qxd2 d6 11.d5 Bxc3 12.Qxc3 exd5 13.Nh4 d4 14.Qxd4 Bxg2 15.
Nxg2 Nc6 16.Qc3 a5 17.Nf4 Re8 18.Rfe1 Qd7 19.Rad1 Re5 20.e4 Rae8 21.f3 f5 
22.Nd3 R5e7 23.e5 dxe5 24.Nxe5 Qe6 25.f4 1/2-1/2

[Event "21st Bosna it"]
[Site "Sarajevo YUG"]
[Date "1982.03.21"]
[Round "3"]
[White "Smejkal, Jan"]
[Black "Popovic, Petar"]
[Result "1/2-1/2"]
[WhiteElo "2570"]
[BlackElo "2495"]
[EventDate "1982.03.19"]
[PlyCount "71"]

1.c4 Nf6 2.Nc3 d5 3.cxd5 Nxd5 4.g3 g6 5.Bg2 Nxc3 6.bxc3 Bg7 7.Rb1 Nd7 8.
Nf3 O-O 9.O-O Nb6 10.Ng5 Rb8 11.Qc2 Bd7 12.d3 h6 13.Ne4 Ba4 14.Qb2 Bc6 15.
Be3 Bxe4 16.Bxe4 Na4 17.Qc2 Nxc3 18.Rxb7 Rxb7 19.Bxb7 c5 20.Bf3 Qd6 21.Rc1
Qe5 22.Kg2 g5 23.Qb3 Rb8 24.Qa3 Rb4 25.d4 cxd4 26.Rxc3 Qb8 27.Rc6 dxe3 28.
Qxe3 Bf6 29.Qc5 Kg7 30.Rc8 Qb6 31.Qc2 g4 32.Bd5 Qb5 33.Bb3 a5 34.Rc4 Rxc4 
35.Qxc4 Qxc4 36.Bxc4 1/2-1/2

[Event "21st Bosna it"]
[Site "Sarajevo YUG"]
[Date "1982.04.01"]
[Round "12"]
[White "Uhlmann, Wolfgang"]
[Black "Cekro, Ekrem"]
[Result "0-1"]
[WhiteElo "2515"]
[BlackElo "2330"]
[EventDate "1982.03.19"]
[PlyCount "98"]

1.c4 e5 2.Nc3 Nc6 3.Nf3 Bb4 4.Qc2 Nf6 5.Nd5 a5 6.e3 O-O 7.a3 Bc5 8.Be2 Re8
9.Ng5 e4 10.f4 d6 11.Nxf6+ Qxf6 12.Nxe4 Qg6 13.Bf3 Bg4 14.Bxg4 Rxe4 15.Qb1
Rae8 16.Bf3 Nd4 17.O-O Nxf3+ 18.Rxf3 Rxc4 19.d3 Rd4 20.exd4 Bxd4+ 21.Be3 
Bxe3+ 22.Kh1 Bd4 23.Qc2 c6 24.Rd1 Qe6 25.h3 h5 26.Rff1 Qf5 27.Qd2 Re3 28.
Rfe1 Rg3 29.Re4 Rxh3+ 30.gxh3 Qxh3+ 31.Qh2 Qf3+ 32.Qg2 Qxd1+ 33.Kh2 Qxd3 
34.b3 Bf6 35.Re8+ Kh7 36.Qe4+ Qxe4 37.Rxe4 Kg6 38.Re8 Kf5 39.Kg3 Bb2 40.
Re7 Bxa3 41.Rxf7+ Kg6 42.Rxb7 Kf6 43.Rb6 Bb4 44.Rxc6 g5 45.fxg5+ Kxg5 46.
Rc4 Kf5 47.Kh4 d5 48.Rc8 d4 49.Re8 Kf4 0-1

[Event "21st Bosna it"]
[Site "Sarajevo YUG"]
[Date "1982.03.19"]
[Round "1"]
[White "Uhlmann, Wolfgang"]
[Black "Makarichev, Sergei"]
[Result "1/2-1/2"]
[WhiteElo "2515"]
[BlackElo "2505"]
[EventDate "1982.03.19"]
[PlyCount "63"]

1.c4 Nf6 2.Nc3 e5 3.Nf3 Nc6 4.g3 Bb4 5.Bg2 O-O 6.O-O e4 7.Ne1 Bxc3 8.dxc3 
h6 9.Nc2 b6 10.Ne3 Bb7 11.Nd5 Ne5 12.b3 Re8 13.f4 exf3 14.exf3 Rb8 15.Re1 
Nxd5 16.cxd5 Qf6 17.Be3 Qf5 18.c4 c6 19.g4 Qg6 20.Qd4 cxd5 21.cxd5 d6 22.
h3 Nd3 23.Re2 a5 24.Rd2 Nb4 25.f4 Nc2 26.f5 Nxd4 27.fxg6 Rxe3 28.gxf7+ 
Kxf7 29.Rxd4 Rc8 30.Rf1+ Kg8 31.Rf2 Re5 32.Rfd2 1/2-1/2